Оптические свойства зелёного люминофора с различными размерами частиц; Современные техника и технологии

Detaylı Bibliyografya
Parent link:Современные техника и технологии.— 2000.— С. 351-353.
Yazar: Михайлов М. М.
Diğer Yazarlar: Власов В. А.
Dil:Rusça
Baskı/Yayın Bilgisi: 2000
Konular:
Materyal Türü: MixedMaterials Kitap Bölümü
KOHA link:https://koha.lib.tpu.ru/cgi-bin/koha/opac-detail.pl?biblionumber=76656

MARC

LEADER 00000naa2a2200000 4500
001 76656
005 20231031091840.0
035 |a (RuTPU)RU\TPU\book\82168 
090 |a 76656 
100 |a 20050427d2000 k y0rusy50 ca 
101 0 |a rus 
102 |a RU 
200 1 |a Оптические свойства зелёного люминофора с различными размерами частиц  |f М. М. Михайлов, В. А. Власов 
320 |a Библиогр.: 9 назв. 
463 0 |0 (RuTPU)RU\TPU\book\25688  |t Современные техника и технологии  |o Труды VI международной научно-практической конференции студентов, аспирантов и молодых ученых, 28 февраля - 3 марта 2000 года, Томск  |f М-во образования РФ; ТПУ  |v С. 351-353.  |d 2000  |p 478 с. 
610 1 |a зелёные люминофоры 
610 1 |a люминофоры 
610 1 |a оптические свойства 
610 1 |a электровакуумная промышленность 
610 1 |a кинескопы 
610 1 |a яркость свечения 
610 1 |a труды учёных ТПУ 
700 1 |a Михайлов  |b М. М. 
701 1 |a Власов  |b В. А. 
801 1 |a RU  |b 63413507  |c 20050427  |g PSBO 
942 |c BK